La constitución, la familia y la escuela ante un estudiante homosexual (Record no. 176430)

MARC details
000 -CABECERA
campo de control de longitud fija 01476nab a2200313 a 4500
005 - FECHA Y HORA DE LA ÚLTIMA TRANSACCIÓN
campo de control 20210219162443.0
008 - ELEMENTOS DE LONGITUD FIJA--INFORMACIÓN GENERAL
campo de control de longitud fija 991125s1985 mx 000 0 spa u
035 ## - NÚMERO DE CONTROL DEL SISTEMA
Número de control de sistema UPN01000204329
049 ## - COLECCIÓN
Colección ART-E
100 1# - ASIENTO PRINCIPAL--NOMBRE PERSONAL
Nombre de persona Madera Páez, Lenia
100 1# - ASIENTO PRINCIPAL--NOMBRE PERSONAL
Filiación lendoul@yahoo.es
222 #0 - TÍTULO CLAVE
Título clave MENDIVE :
Información calificativa REVISTA CIENTIFICO PEDAGOGICA
245 00 - MENCIÓN DE TÍTULO
Título La constitución, la familia y la escuela ante un estudiante homosexual
260 ## - PUBLICACIÓN, DISTRIBUCIÓN, ETC.
Lugar de publicación, distribución, etc. Pinar del Río, Cuba
300 ## - DESCRIPCIÓN FÍSICA
Extensión 1-4
362 0# - FECHAS DE PUBLICACIÓN Y/O DESIGNACIÓN SECUENCIAL
Fecha de publicación y/o designación secuencial 2014, Vol. 13, no. 49, oct.-dic.
336 ## - TIPO DE CONTENIDO
Término de tipo de contenido texto$2rdacontent
337 ## - TIPO DE MEDIO
Nombre/término del tipo de medio computadora$2rdamedia
338 ## - TIPO DE SOPORTE
Nombre/término del tipo de soporte recurso en linea$2rdacarrier
520 3# - NOTA DE RESUMEN, ETC.
Sumario, etc. La modernidad ha impuesto cambios en el pensamiento de los individuos. Hasta los patrones de familia se han modificado. El fenómeno de la homosexualidad no es nuevo, por lo que convivir con homosexuales, se ha convertido en un suceso normal. A pesar de eso, todavía queda un sector de la sociedad que no acepta la presencia de ellos y se manifiestan en la escuela a través de actos discriminatorios y no es a partir de ese momento donde debe comenzar la labor educativa del maestro, sino mucho antes, con la función preventiva.
653 0# - TERMINO DE INDIZACION - NO CONTROLADO
Término no controlado HOMOSEXUALIDAD
653 0# - TERMINO DE INDIZACION - NO CONTROLADO
Término no controlado ESTUDIANTES
653 0# - TERMINO DE INDIZACION - NO CONTROLADO
Término no controlado DISCRIMINACION
653 0# - TERMINO DE INDIZACION - NO CONTROLADO
Término no controlado INTERVENCION EDUCATIVA
653 0# - TERMINO DE INDIZACION - NO CONTROLADO
Término no controlado PREVENCION
856 4# - LOCALIZACIÓN Y ACCESO ELECTRÓNICOS
Identificador Uniforme del Recurso <a href="http://www.revistamendive.rimed.cu/nfuentes/num49/pdf/Art_2_Lenia.pdf">http://www.revistamendive.rimed.cu/nfuentes/num49/pdf/Art_2_Lenia.pdf</a>
905 ## - TIPO DE MATERIAL
Tipo de material Articulo

No items available.